THE ALL- VOLUNTEER FORCE: 30YEARS OFSERVICE (Record no. 29068)

MARC details
000 -LEADER
fixed length control field 00305nam a22001337a 4500
003 - CONTROL NUMBER IDENTIFIER
control field SGT
020 ## - INTERNATIONAL STANDARD BOOK NUMBER
International Standard Book Number 9781574889208
082 ## - DEWEY DECIMAL CLASSIFICATION NUMBER
Classification number 820
Item number T04B
100 ## - MAIN ENTRY--PERSONAL NAME
Personal name BICKSLER, BARBARA A.
245 ## - TITLE STATEMENT
Title THE ALL- VOLUNTEER FORCE: 30YEARS OFSERVICE
260 ## - PUBLICATION, DISTRIBUTION, ETC. (IMPRINT)
Name of publisher, distributor, etc BRASSEY'S INC.
Year of Publication 2004
300 ## - PAGE DESCRIPTION
No. of Pages 384
942 ## - ADDED ENTRY ELEMENTS (KOHA)
Source of classification or shelving scheme Dewey Decimal Classification
Koha item type Books
Holdings
Withdrawn status Lost status Source of classification or shelving scheme Damaged status Not for loan Home library Current library Shelving location Date acquired SGTU Total Checkouts Full call number Accession No. (Barcode) Date last seen Bill Date Koha item type
    Dewey Decimal Classification   Not For Loan SGT Chancellor's Library SGT Chancellor's Library Reference Book 16/01/2025 SGTU   820 T04B CH1839 16/01/2025 16/01/2025 Books